Adán murió en el lado equivocado del paraíso / (Registro nro. 3476)

Detalles MARC
000 -LEADER
fixed length control field 00884nam a2200217Ia 4500
003 - CONTROL NUMBER IDENTIFIER
control field OSt
005 - DATE AND TIME OF LATEST TRANSACTION
control field 20250416100838.0
008 - FIXED-LENGTH DATA ELEMENTS--GENERAL INFORMATION
fixed length control field 191128s2018 ck er 000 f spa d
020 ## - INTERNATIONAL STANDARD BOOK NUMBER
International Standard Book Number 9789585451278
040 ## - CATALOGING SOURCE
Original cataloging agency CO-JMCR
Transcribing agency CO-JMCR
041 ## - LANGUAGE CODE
Language code of text/sound track or separate title spa
082 04 - DEWEY DECIMAL CLASSIFICATION NUMBER
Classification number A-N
Item number MONa
100 1# - MAIN ENTRY--PERSONAL NAME
Personal name Montenegro Peña, Luis Antonio,
Relator term autor
9 (RLIN) 7729
245 10 - TITLE STATEMENT
Title Adán murió en el lado equivocado del paraíso /
Statement of responsibility, etc. Luis Antonio Montenegro Peña
260 ## - PUBLICATION, DISTRIBUTION, ETC.
Place of publication, distribution, etc. Bogotá :
Name of publisher, distributor, etc. Uniediciones,
Date of publication, distribution, etc. 2018
300 ## - PHYSICAL DESCRIPTION
Extent 168 páginas ;
Dimensions 23 cm.
490 0# - SERIES STATEMENT
Series statement Textos cautivos
520 ## - SUMMARY, ETC.
Summary, etc. Tanto en la novela como en la poesía Luis Antonio, procura el arrinconamiento del saber humano, lo cerca como si se tratara de un problema ineludible y pavoroso. Es en las creencias y en las cosmovisiones, donde más hinca el diente, donde establece su inc
650 14 - SUBJECT ADDED ENTRY--TOPICAL TERM
Topical term or geographic name entry element Literatura colombiana
9 (RLIN) 7730
942 ## - ADDED ENTRY ELEMENTS (KOHA)
Source of classification or shelving scheme Dewey Decimal Classification
Koha item type Books
Existencias
Withdrawn status Lost status Source of classification or shelving scheme Damaged status Not for loan Collection code Home library Current library Date acquired Source of acquisition Total Checkouts Total Renewals Full call number Barcode Date last seen Date last checked out Copy number Koha item type
    Dewey Decimal Classification     Fiction Biblioteca Pública José María del Castillo y Rada Biblioteca Pública José María del Castillo y Rada 11/28/2019 Donación 1 1 A-N MONa 201807328 02/11/2020 01/23/2020 Ej.1 Books